New challenges of SMEs through clusters creation in Slovakia

Salvato in:
Dettagli Bibliografici
Autore principale: Gajdová, Denisa, 1977-
Altri autori: Dubcová, Gabriela, 1968-, Krechovská, Michaela
Natura: Capitolo di libro
Lingua:inglese
Tags: Aggiungi Tag
Nessun Tag, puoi essere il primo ad aggiungerne!!

MARC

LEADER 00000nla a2200000 4500
001 0220142
005 20240502083547.3
041 0 |a eng 
044 |a AE 
245 1 0 |a New challenges of SMEs through clusters creation in Slovakia  |c Denisa Gajdová, Gabriela Dubcová, Michaela Krechovská 
500 |a Abstrakt 
100 1 |a Gajdová, Denisa, 1977- 
700 1 |a Dubcová, Gabriela, 1968- 
700 1 |a Krechovská, Michaela